[Event "Florianopolis op 3rd"]
[Site "Florianopolis"]
[Date "2017.01.24"]
[Round "7"]
[White "Silva, Vinicius Parente"]
[Black "Sztokbant, Bernardo Vainzoff"]
[Result "0-1"]
[WhiteElo "1956"]
[BlackElo "2172"]
[PlyCount "68"]
[EventDate "2017.01.20"]
[EventType "swiss"]
[EventRounds "10"]
[EventCountry "BRA"]
[SourceTitle "CBM 176 Extra"]
[Source "ChessBase"]
[SourceDate "2017.03.02"]
[SourceVersion "1"]
[SourceVersionDate "2017.03.02"]
[SourceQuality "1"]

1. e4 e6 2. d4 d5 3. Nc3 Nf6 4. e5 Nfd7 5. f4 c5 6. Nf3 Nc6 7. Be3 Be7 8. Qd2 0-0 9. Be2 a6 10. 0-0 b5 11. Nd1 Qb6 12. c3 a5 13. g4 Ba6 14. f5 cxd4 15. cxd4 b4 16. Bxa6 Rxa6 17. Nf2 a4 18. Nd3 Na5 19. Qf2 Nc4 20. Bc1 f6 21. Kh1 fxe5 22. Ndxe5 Ndxe5 23. Nxe5 Nxe5 24. dxe5 Qxf2 25. Rxf2 Rc6 26. Be3 Rc4 27. h3 Re4 28. Bb6 Rxe5 29. Bc7 Re3 30. Kg2 exf5 31. gxf5 Bh4 32. Rd2 Rxf5 33. Rad1 Bf6 34. Bb6 Rg5+ 0-1

[Event "Florianopolis op 3rd"]
[Site "Florianopolis"]
[Date "2017.01.21"]
[Round "3"]
[White "Silva, Vinicius Parente"]
[Black "Ramirez Brizuela, Juan Bartolome"]
[Result "1-0"]
[WhiteElo "1956"]
[BlackElo "1559"]
[PlyCount "79"]
[EventDate "2017.01.20"]
[EventType "swiss"]
[EventRounds "10"]
[EventCountry "BRA"]
[SourceTitle "EXT 2018"]
[Source "ChessBase"]
[SourceDate "2017.10.13"]
[SourceVersion "1"]
[SourceVersionDate "2017.10.13"]
[SourceQuality "1"]

1. e4 g6 2. d4 Bg7 3. Nc3 d6 4. Bg5 Nd7 5. f4 c6 6. Nf3 Qb6 7. Rb1 e5 8. dxe5 dxe5 9. fxe5 Nxe5 10. Nxe5 Bxe5 11. Qf3 Bg4 12. Qe3 Bd4 13. Qd2 Qb4 14. a3 Bxc3 15. axb4 Bxd2+ 16. Kxd2 f6 17. Bh4 0-0-0+ 18. Bd3 Be6 19. Rhf1 g5 20. Bg3 Bc4 21. e5 Bxd3 22. cxd3 Rd4 23. exf6 Nh6 24. Be5 Rd5 25. f7 Rxe5 26. f8Q+ Rxf8 27. Rxf8+ Kd7 28. Rbf1 Re7 29. h3 g4 30. R1f6 Re6 31. Rxe6 Kxe6 32. Rh8 g3 33. Rxh7 Nf5 34. Rxb7 Nh4 35. Rxa7 Kf6 36. Ra1 Kf5 37. Rf1+ Ke5 38. Re1+ Kf5 39. Re2 Ng6 40. Re3 1-0

[Event "South America-ch U16 13th"]
[Site "Santiago de Chile"]
[Date "2016.12.02"]
[Round "2"]
[White "Soto Fontecilla, David Alejandro"]
[Black "Silva, Vinicius Parente"]
[Result "0-1"]
[WhiteElo "1579"]
[BlackElo "1931"]
[PlyCount "100"]
[EventDate "2016.12.01"]
[EventType "swiss"]
[EventRounds "9"]
[EventCountry "CHI"]
[SourceTitle "EXT 2018"]
[Source "ChessBase"]
[SourceDate "2017.10.13"]
[SourceVersion "1"]
[SourceVersionDate "2017.10.13"]
[SourceQuality "1"]

1. e4 c5 2. Nf3 d6 3. d4 cxd4 4. Nxd4 Nf6 5. f3 g6 6. c4 Bg7 7. Nc3 Nc6 8. Be3 0-0 9. Be2 Nxd4 10. Bxd4 Be6 11. 0-0 Nd7 12. Bxg7 Kxg7 13. Qd2 Qb6+ 14. Kh1 Rac8 15. b3 Nc5 16. Nd5 Bxd5 17. exd5 a5 18. Rad1 Qb4 19. Rfe1 Rc7 20. Bd3 Qxd2 21. Rxd2 Nxd3 22. Rxd3 a4 23. Rde3 Ra8 24. Kg1 Kf8 25. Kf2 axb3 26. axb3 Ra5 27. Ke2 Ra2+ 28. Kf1 b5 29. Rc3 Kg7 30. Re2 Ra3 31. Rec2 b4 32. Re3 Ra1+ 33. Kf2 Rca7 34. Rce2 Kf8 35. Re1 R7a2+ 36. R3e2 Rxe2+ 37. Rxe2 Rb1 38. Re3 Rb2+ 39. Kg3 Ke8 40. f4 Kd7 41. Kf3 e6 42. dxe6+ fxe6 43. h3 d5 44. Rd3 Kd6 45. g4 Kc5 46. cxd5 exd5 47. f5 gxf5 48. gxf5 Kd6 49. Kf4 Rc2 50. f6 Kd7 0-1

[Event "Sao Paulo-B U2050 op 5th"]
[Site "Sao Paulo"]
[Date "2016.10.16"]
[Round "5.1"]
[White "Deus Filho, Joaquim"]
[Black "Silva, Vinicius Parente"]
[Result "0-1"]
[WhiteElo "1954"]
[BlackElo "1872"]
[PlyCount "72"]
[EventDate "2016.10.13"]
[EventType "swiss"]
[EventRounds "6"]
[EventCountry "BRA"]
[SourceTitle "EXT 2022"]
[Source "ChessBase"]
[SourceDate "2021.10.06"]
[SourceVersion "1"]
[SourceVersionDate "2021.10.06"]
[SourceQuality "1"]

1. f4 g6 2. e4 Bg7 3. Nf3 c5 4. Bc4 e6 5. f5 exf5 6. d3 Nc6 7. 0-0 Nge7 8. Qe1 0-0 9. Nc3 Nd4 10. Qh4 d5 11. Bg5 f6 12. Nxd5 Nxd5 13. Bxd5+ Be6 14. Bxe6+ Nxe6 15. Be3 fxe4 16. Qxe4 Qd7 17. Rae1 f5 18. Qc4 b5 19. Qh4 Bxb2 20. Bh6 Rfe8 21. Kh1 Bc3 22. Rb1 b4 23. Qc4 Rad8 24. Bg5 Rc8 25. Bh6 a5 26. h4 Qf7 27. h5 Nd4 28. Qa6 Rc6 29. Qxa5 Nxf3 30. Rxf3 g5 31. Bxg5 Qxh5+ 32. Rh3 Qxg5 33. Qa7 Qg7 34. Qa4 Rce6 35. Qb3 Kh8 36. Kh2 Rh6 0-1

[Event "BRA-ch U16"]
[Site "Itajai"]
[Date "2016.06.11"]
[Round "4"]
[White "Silva, Vinicius Parente"]
[Black "Volkmann, Andre Jordi"]
[Result "1/2-1/2"]
[WhiteElo "1852"]
[BlackElo "1755"]
[PlyCount "83"]
[EventDate "2016.06.09"]
[EventType "swiss"]
[EventRounds "6"]
[EventCountry "BRA"]
[SourceTitle "CBM 172 Extra"]
[Source "ChessBase"]
[SourceDate "2016.06.21"]
[SourceVersion "1"]
[SourceVersionDate "2016.06.21"]
[SourceQuality "1"]

1. e4 d5 2. exd5 Qxd5 3. Nc3 Qa5 4. g3 Nf6 5. h3 Bf5 6. Bg2 c6 7. Nf3 e6 8. 0-0 Bd6 9. d3 Nbd7 10. Nd2 Qc7 11. Nc4 0-0 12. Nxd6 Qxd6 13. Re1 Rad8 14. Bd2 h6 15. Ne4 Nxe4 16. dxe4 Bg6 17. Qe2 Nf6 18. Rad1 Qc7 19. Bc3 Nd7 20. h4 Nb6 21. b3 e5 22. Ba5 f6 23. Qg4 Bf7 24. Bh3 Qe7 25. Bd2 Kh8 26. Qe2 Qa3 27. Bc3 Qe7 28. Bd2 Be6 29. Bxe6 Qxe6 30. Bb4 Rfe8 31. Rd2 Rxd2 32. Qxd2 Rc8 33. Rd1 Kh7 34. Bc5 Rc7 35. Bxb6 axb6 36. Kg2 Qe7 37. Qe3 b5 38. c3 Rd7 39. Qf3 Qe6 40. g4 Kg8 41. Rxd7 Qxd7 42. Qf5 1/2-1/2

[Event "Sao Paulo Hebraica 12th"]
[Site "Sao Paulo"]
[Date "2015.08.21"]
[Round "9.4"]
[White "Silva, Vinicius Parente"]
[Black "Luz, Arthur Nader"]
[Result "0-1"]
[WhiteElo "1854"]
[BlackElo "1976"]
[PlyCount "78"]
[EventDate "2015.08.15"]
[EventType "tourn"]
[EventRounds "9"]
[EventCountry "BRA"]
[SourceTitle "EXT 2022"]
[Source "ChessBase"]
[SourceDate "2021.10.06"]
[SourceVersion "1"]
[SourceVersionDate "2021.10.06"]
[SourceQuality "1"]

1. e4 c5 2. Nc3 g6 3. g3 Bg7 4. Bg2 Nc6 5. d3 d6 6. f4 Nf6 7. Nf3 0-0 8. 0-0 Rb8 9. h3 b5 10. a3 a5 11. Be3 b4 12. axb4 axb4 13. Ne2 Bb7 14. g4 Ra8 15. Rb1 Ra2 16. f5 Qc7 17. b3 Nd7 18. Rc1 Rfa8 19. Qd2 Rb2 20. Bh6 Bf6 21. Rb1 Rxb1 22. Rxb1 Ra2 23. Rc1 Nde5 24. Nf4 Nxf3+ 25. Bxf3 Nd4 26. Qd1 Nb5 27. Ne2 Bb2 28. Rb1 Na3 29. Rxb2 Rxb2 30. Qd2 Rxc2 31. Qg5 f6 32. Qh4 Qd7 33. Nf4 Qe8 34. g5 Qf7 35. fxg6 hxg6 36. Bg4 f5 37. exf5 Qxb3 38. Be2 Rc1+ 39. Bf1 Qd1 0-1

[Event "Sao Paulo Hebraica 12th"]
[Site "Sao Paulo"]
[Date "2015.08.16"]
[Round "3.4"]
[White "Regensteiner, Valter Scheffer"]
[Black "Silva, Vinicius Parente"]
[Result "0-1"]
[WhiteElo "1329"]
[BlackElo "1854"]
[PlyCount "50"]
[EventDate "2015.08.15"]
[EventType "tourn"]
[EventRounds "9"]
[EventCountry "BRA"]
[SourceTitle "EXT 2022"]
[Source "ChessBase"]
[SourceDate "2021.10.06"]
[SourceVersion "1"]
[SourceVersionDate "2021.10.06"]
[SourceQuality "1"]

1. e4 c5 2. Nc3 d6 3. Bc4 Nc6 4. Nf3 g6 5. 0-0 Bg7 6. Bb5 Bd7 7. Bxc6 bxc6 8. d4 cxd4 9. Nxd4 c5 10. Nf3 Nf6 11. Re1 0-0 12. Nd5 Nxd5 13. exd5 Re8 14. c3 Rb8 15. a3 h6 16. Re3 e6 17. b4 exd5 18. Qxd5 Rxe3 19. fxe3 Bxc3 20. Rb1 Be6 21. Qe4 Bf5 22. Qh4 Qxh4 23. Nxh4 Bxb1 24. e4 cxb4 25. Bxh6 bxa3 0-1

[Event "Sao Bernardo do Campo LXSBC op 2nd"]
[Site "Sao Bernardo do Campo"]
[Date "2015.07.26"]
[Round "6"]
[White "Lacerda, Vinicius"]
[Black "Silva, Vinicius Parente"]
[Result "0-1"]
[WhiteElo "1752"]
[BlackElo "1791"]
[PlyCount "120"]
[EventDate "2015.07.24"]
[EventType "swiss"]
[EventRounds "6"]
[EventCountry "BRA"]
[SourceTitle "EXT 2016"]
[Source "ChessBase"]
[SourceDate "2015.10.08"]
[SourceVersion "1"]
[SourceVersionDate "2015.10.08"]
[SourceQuality "1"]

1. d4 Nf6 2. Bg5 g6 3. Bxf6 exf6 4. Nf3 f5 5. Nbd2 Bg7 6. e3 d6 7. c4 Nd7 8. b4 0-0 9. Rc1 Re8 10. c5 f4 11. Qb3 fxe3 12. fxe3 Bh6 13. Rc3 Nf6 14. cxd6 cxd6 15. Bb5 Re7 16. 0-0 Be6 17. Qa3 a6 18. Ba4 Nd5 19. Rd3 Bf5 20. e4 Bxe4 21. Nxe4 Rxe4 22. Bb3 Nf4 23. Rdd1 Re2 24. Ne1 Qg5 25. Bc4 Rxe1 26. Qf3 Rxd1 27. Rxd1 d5 28. Bb3 Re8 29. g3 Ne2+ 30. Kg2 Re3 31. Qf2 Nc3 32. Re1 Rxe1 33. Qxe1 Qd2+ 34. Qxd2 Bxd2 35. Kf3 Kf8 36. a4 b6 37. g4 h6 38. Bc2 Ke7 39. Bb3 Kd6 40. h4 b5 41. axb5 Nxb5 42. Ba4 Nxd4+ 43. Kf2 Bxb4 44. Ke3 Nb5 45. Bc2 Ke5 46. h5 g5 47. Bf5 a5 48. Bd7 Nc3 49. Kd3 a4 50. Kc2 Kf4 51. Bf5 Ne4 52. Bd7 a3 53. Bc6 d4 54. Bd5 f6 55. Kd3 Nf2+ 56. Kxd4 Kxg4 57. Bf7 Nh3 58. Ke4 f5+ 59. Ke5 Bc3+ 60. Kd6 f4 0-1

[Event "Florianopolis Cordioli Memorial"]
[Site "Florianopolis"]
[Date "2015.07.04"]
[Round "5"]
[White "Corvalao, Eder Daniel"]
[Black "Silva, Vinicius Parente"]
[Result "1/2-1/2"]
[WhiteElo "1854"]
[BlackElo "1791"]
[PlyCount "80"]
[EventDate "2015.07.03"]
[EventType "swiss"]
[EventRounds "7"]
[EventCountry "BRA"]
[SourceTitle "EXT 2016"]
[Source "ChessBase"]
[SourceDate "2015.10.08"]
[SourceVersion "1"]
[SourceVersionDate "2015.10.08"]
[SourceQuality "1"]

1. e4 c5 2. Nf3 d6 3. d4 cxd4 4. Nxd4 Nf6 5. Nc3 g6 6. Be3 Bg7 7. f3 Nc6 8. Qd2 0-0 9. Bc4 Bd7 10. 0-0 Rc8 11. Bb3 Ne5 12. Qe2 a6 13. Rad1 b5 14. f4 Bg4 15. Nf3 Nxf3+ 16. gxf3 Bh3 17. Rfe1 Nd7 18. e5 dxe5 19. fxe5 Bxe5 20. Bh6 Bg7 21. Bxg7 Kxg7 22. Qxe7 Qxe7 23. Rxe7 Nc5 24. Bd5 b4 25. Ne4 Nxe4 26. Bxe4 Rfe8 27. Rxe8 Rxe8 28. Bd3 Be6 29. a4 b3 30. Rc1 bxc2 31. Bxc2 Rb8 32. Bd3 Rxb2 33. Bxa6 Bd5 34. Rc3 Ra2 35. Bc4 Bxc4 36. Rxc4 Kf6 37. h4 h5 38. Kf1 Ke6 39. Ke1 Kd5 40. Rb4 Kd6 1/2-1/2

[Event "Sao Paulo Hebraica op 20th"]
[Site "Sao Paulo"]
[Date "2015.06.06"]
[Round "5"]
[White "Bruce, Shannon Hill"]
[Black "Silva, Vinicius Parente"]
[Result "1/2-1/2"]
[WhiteElo "2099"]
[BlackElo "1791"]
[PlyCount "88"]
[EventDate "2015.06.04"]
[EventType "swiss"]
[EventRounds "6"]
[EventCountry "BRA"]
[SourceTitle "CBM 166 Extra"]
[Source "ChessBase"]
[SourceDate "2015.06.18"]
[SourceVersion "1"]
[SourceVersionDate "2015.06.18"]
[SourceQuality "1"]

1. Nf3 Nf6 2. c4 g6 3. b4 Bg7 4. Bb2 d6 5. g3 0-0 6. Bg2 e5 7. 0-0 Nbd7 8. Qc2 Re8 9. d3 c6 10. Nbd2 d5 11. cxd5 cxd5 12. Nb3 b6 13. Rac1 Qe7 14. a3 e4 15. Nfd4 Bb7 16. Qc7 Ne5 17. dxe4 dxe4 18. Nb5 Bc6 19. Rxc6 Nxc6 20. Qxc6 Rac8 21. Qd6 Rc2 22. Qxe7 Rxe7 23. Rb1 e3 24. N5d4 exf2+ 25. Kxf2 Ng4+ 26. Kg1 Rc8 27. Bh3 h5 28. b5 Rce8 29. Rc1 Bh6 30. Rb1 Be3+ 31. Kg2 Re4 32. Bxg4 hxg4 33. Rf1 Rd8 34. a4 Bxd4 35. Nxd4 Rdxd4 36. Bxd4 Rxd4 37. Rf4 Rxf4 38. gxf4 f5 39. Kg3 Kg7 40. h3 gxh3 41. Kxh3 Kh7 42. Kg3 Kg7 43. Kf3 Kf6 44. Ke3 g5 1/2-1/2

[Event "Sao Paulo Hebraica op 20th"]
[Site "Sao Paulo"]
[Date "2015.06.05"]
[Round "3"]
[White "Lima, Vinicius Taishun"]
[Black "Silva, Vinicius Parente"]
[Result "0-1"]
[WhiteElo "1670"]
[BlackElo "1791"]
[PlyCount "58"]
[EventDate "2015.06.04"]
[EventType "swiss"]
[EventRounds "6"]
[EventCountry "BRA"]
[SourceTitle "CBM 166 Extra"]
[Source "ChessBase"]
[SourceDate "2015.06.18"]
[SourceVersion "1"]
[SourceVersionDate "2015.06.18"]
[SourceQuality "1"]

1. e4 c5 2. Nf3 d6 3. d4 cxd4 4. Nxd4 Nf6 5. Nc3 g6 6. Be3 Bg7 7. f3 Nc6 8. Qd2 0-0 9. 0-0-0 d5 10. Kb1 Qd7 11. g4 dxe4 12. g5 Nd5 13. Nxe4 Nxe3 14. Qxe3 Bxd4 15. Qa3 Bxb2 16. Rxd7 Bxa3 17. Rd3 Bb4 18. h4 Bf5 19. Re3 Nd4 20. c3 Nxf3 21. cxb4 Bxe4+ 22. Kc1 Rac8+ 23. Kb2 Nd2 24. Rg1 Rc2+ 25. Ka3 Bd5 26. Ka4 Nxf1 27. Rxf1 Rxa2+ 28. Kb5 Rc8 29. Rxe7 Bc4# 0-1

[Event "Campinas Fazer op"]
[Site "Campinas"]
[Date "2015.03.20"]
[Round "1"]
[White "Silva, Vinicius Parente"]
[Black "Tsuboi, Edson Kenji"]
[Result "0-1"]
[WhiteElo "1709"]
[BlackElo "2247"]
[PlyCount "77"]
[EventDate "2015.03.20"]
[EventType "swiss"]
[EventRounds "6"]
[EventCountry "BRA"]
[SourceTitle "EXT 2018"]
[Source "ChessBase"]
[SourceDate "2017.10.13"]
[SourceVersion "1"]
[SourceVersionDate "2017.10.13"]
[SourceQuality "1"]

1. e4 c5 2. Nc3 Nc6 3. g3 g6 4. Bg2 Bg7 5. d3 d6 6. f4 Rb8 7. Nf3 Nf6 8. 0-0 0-0 9. h3 b5 10. a3 a5 11. g4 b4 12. axb4 axb4 13. Ne2 Bb7 14. f5 Nd4 15. Nexd4 cxd4 16. Qe1 Qc7 17. fxg6 hxg6 18. Qh4 Nh7 19. Rf2 Ra8 20. Rb1 b3 21. cxb3 Ba6 22. Bf1 Rab8 23. Bh6 e5 24. Ng5 Nxg5 25. Qxg5 Qd8 26. Qxd8 Rfxd8 27. Bxg7 Kxg7 28. Ra1 Rb6 29. g5 Rdb8 30. Ra3 Bc8 31. Rf6 Be6 32. Ra7 R8b7 33. Ra8 Rxb3 34. h4 Rxb2 35. Rd8 R7b6 36. Be2 Rb8 37. Rxb8 Rxb8 38. Kf2 Rb1 39. Kg3 0-1

[Event "Sao Paulo op-B 2nd"]
[Site "Sao Paulo"]
[Date "2015.02.06"]
[Round "2"]
[White "Dos Reis, Leandro Aparecido C"]
[Black "Silva, Vinicius Parente"]
[Result "1-0"]
[WhiteElo "1951"]
[BlackElo "1675"]
[PlyCount "87"]
[EventDate "2015.02.05"]
[EventType "swiss"]
[EventRounds "6"]
[EventCountry "BRA"]
[SourceTitle "CBM 164 Extra"]
[Source "ChessBase"]
[SourceDate "2015.03.02"]
[SourceVersion "1"]
[SourceVersionDate "2015.03.02"]
[SourceQuality "1"]

1. e4 c5 2. Nf3 d6 3. d4 cxd4 4. Nxd4 Nf6 5. Nc3 g6 6. Be3 Bg7 7. f3 0-0 8. Qd2 Nc6 9. 0-0-0 d5 10. exd5 Nxd5 11. Nxc6 bxc6 12. Nxd5 cxd5 13. Bd4 Bxd4 14. Qxd4 Qc7 15. h4 Bf5 16. Bd3 Bxd3 17. Qxd3 Rfc8 18. h5 Rab8 19. hxg6 hxg6 20. Rh4 Qe5 21. Rd4 Rc4 22. b3 Rxd4 23. Qxd4 Qxd4 24. Rxd4 e6 25. Kd2 Rc8 26. b4 Kf8 27. b5 Ke7 28. Kd3 Kd6 29. c4 Rxc4 30. Rxc4 dxc4+ 31. Kxc4 e5 32. a4 f5 33. a5 g5 34. g4 e4 35. fxe4 fxg4 36. Kd4 g3 37. Ke3 Kc5 38. b6 axb6 39. a6 Kc6 40. e5 b5 41. e6 b4 42. e7 Kd7 43. e8Q+ Kxe8 44. a7 1-0

[Event "World School-ch U15 10th"]
[Site "Juiz de Fora"]
[Date "2014.11.29"]
[Round "4"]
[White "Cori Quispe, Kevin Joel"]
[Black "Silva, Vinicius Parente"]
[Result "1-0"]
[WhiteElo "2412"]
[BlackElo "1654"]
[PlyCount "49"]
[EventDate "2014.11.26"]
[EventType "swiss"]
[EventRounds "9"]
[EventCountry "BRA"]
[SourceTitle "EXT 2016"]
[Source "ChessBase"]
[SourceDate "2015.10.08"]
[SourceVersion "1"]
[SourceVersionDate "2015.10.08"]
[SourceQuality "1"]

1. e4 c5 2. Nf3 d6 3. Bb5+ Bd7 4. c4 Nf6 5. Nc3 g6 6. 0-0 Bg7 7. Bxd7+ Qxd7 8. d4 cxd4 9. Nxd4 0-0 10. f3 Nc6 11. Be3 e6 12. Qd2 Rfd8 13. Rfd1 d5 14. exd5 exd5 15. c5 Ne5 16. b3 Bf8 17. Bg5 Be7 18. Qf4 Nxf3+ 19. Nxf3 Nh5 20. Qd4 Bxg5 21. Nxg5 Qf5 22. Nh3 Qf6 23. Nxd5 Qxd4+ 24. Rxd4 Ng7 25. Nf6+ 1-0